अचिश्वसनिय (Record no. 832911)

MARC details
000 -LEADER
fixed length control field 00517nam a2200169Ia 4500
008 - FIXED-LENGTH DATA ELEMENTS--GENERAL INFORMATION
fixed length control field 110201s9999 xx 000 0 und d
082 ## - DEWEY DECIMAL CLASSIFICATION NUMBER
Item number B7384
Classification number K 2283
100 ## - MAIN ENTRY--PERSONAL NAME
Personal name परांजपे अभय
245 ## - TITLE STATEMENT
Title अचिश्वसनिय
260 ## - PUBLICATION, DISTRIBUTION, ETC. (IMPRINT)
Name of publisher, distributor, etc गीता एजन्सीज
365 ## - TRADE PRICE
Price amount 160
600 ## - SUBJECT ADDED ENTRY--PERSONAL NAME
Personal name परांजपे अभय
630 ## - SUBJECT ADDED ENTRY--UNIFORM TITLE
Uniform title अचिश्वसनिय
700 ## - ADDED ENTRY--PERSONAL NAME
Personal name परांजपे अभय
730 ## - ADDED ENTRY--UNIFORM TITLE
Uniform title अचिश्वसनिय
942 ## - ADDED ENTRY ELEMENTS (KOHA)
Koha item type Book
Holdings
Withdrawn status Lost status Damaged status Not for loan Home library Current library Date acquired Cost, normal purchase price Total Checkouts Barcode Date last seen Cost, replacement price Price effective from Koha item type
        Prof.Manikrao Kirtane Vachanalaya, Vashi, Navi Mumbai Prof.Manikrao Kirtane Vachanalaya, Vashi, Navi Mumbai 02/01/2011 160.00   PMKV-B7384 02/01/2011 160.00 02/01/2011 Book